000
00324nam a22001457a 4500
008
210312b ||||| |||| 00| 0 eng d
020
_a
9780135049266
041
_a
eng
080
_2
5th
_a
610.73
082
_2
5th
_a
610.73
100
_a
1
101
_a
INF
245
_a
High-Acuity Nursing
_c
Wanger,D.K
942
_2
udc
_c
BK
999
_c
56601
_d
56601